000 00970nam a2200277 i 4500
001 018933554
003 Uk
005 20260202125959.0
008 180501s2018 enka b 001|0|eng|d
020 _a9781785042201
_qpaperback
040 _aStDuBDS
_beng
_cStDuBDS
_dUk
_duoc
_erda
082 0 4 _a616.8900971133
_223
_bGAB
100 1 _aMaté, Gabor,
_eauthor.
245 1 0 _aIn the realm of hungry ghosts :
_bclose encounters with addiction /
_cGabor Maté.
250 _bNO.1 International Bestseller.
264 1 _aLondon :
_bVermilion,
_c2018.
264 4 _c© Gabor Maté 2018.
300 _axxix, 465 pages:
_billustrations;
_c20 cm.
336 _atext
_2rdacontent
_btxt
337 _aunmediated
_2rdamedia
_bn
338 _avolume
_2rdacarrier
_bnc
504 _aIncludes bibliographical references and index.
650 0 _aCompulsive behavior
_zBritish Columbia
_zVancouver.
_94575
650 0 _aSubstance abuse
_zBritish Columbia
_zVancouver.
_9544
942 _2ddc
_cBK
999 _c1809
_d1809